| 000 | 00649cam a22001815a 4500 | ||
|---|---|---|---|
| 001 | L156237 | ||
| 008 | 120509s1828 xxk f 000 0 eng d | ||
| 035 | _a(Sirsi) u156237 | ||
| 041 | 0 | _aeng | |
| 100 | 1 |
_aStrutt, Jacob George _d1790-1864 |
|
| 245 | 0 | 0 |
_aDeliciae sylvarum, or, Grand and romantic forest scenery in England and Scotland _cdrawn from nature and etched by Jacob George Strutt |
| 260 |
_aLondon _bPublished by J. G. Strutt ... _c[1828] |
||
| 300 |
_a[6], 4 p., 5 leaves of plates _bill. _c54 cm. |
||
| 583 | 0 |
_aCondition reviewed _c20120620 _lcondition level 4 |
|
| 651 | 4 |
_aGreat Britain _y1707- |
|
| 690 |
_aRural _96268 |
||
| 942 | _n0 | ||
| 999 |
_c114121 _d114121 |
||